Democracia, campañas y elecciones /
Análisis de las campañas electorales y los resultados electorales de las elecciones federales de 2003 en Jalisco, que parte de la revisión del papel jugado por cada uno de los partidos políticos involucrados, así como de la geografía electoral en la entidad. En conjunto, el libro ofrece una amplia t...
Guardat en:
| Autor principal: | |
|---|---|
| Format: | Llibre |
| Idioma: | espanyol |
| Publicat: |
Guadalajara, México :
Universidad de Guadalajara, Centro Universitario de Ciencias Sociales y Humanidades,
2005, c2005
|
| Matèries: | |
| Etiquetes: |
Sense etiquetes, Sigues el primer a etiquetar aquest registre!
|
MARC
| LEADER | 00000nam^a2200000^a^4500 | ||
|---|---|---|---|
| 001 | 000345189 | ||
| 005 | 20250624000000.0 | ||
| 009 | 20260310114710.954 | ||
| 020 | |a 970-27-0767-6 | ||
| 037 | |a Acervo ITESO - Biblioteca | ||
| 041 | |a ESP | ||
| 082 | |a 320. 9720711 |b ALO | ||
| 100 | |a Alonso, Jorge |e (coordinación) | ||
| 245 | 1 | 0 | |a Democracia, campañas y elecciones / |c Coord. e introd. de J. Alonso. |
| 264 | 4 | |a Guadalajara, México : |b Universidad de Guadalajara, Centro Universitario de Ciencias Sociales y Humanidades, |c 2005, c2005 | |
| 300 | |a 388 p. | ||
| 336 | |a texto |b txt |2 rdacontenido | ||
| 337 | |a sin mediación |b n |2 rdamedio | ||
| 338 | |a volumen |b nc |2 rdasoporte | ||
| 520 | |a Análisis de las campañas electorales y los resultados electorales de las elecciones federales de 2003 en Jalisco, que parte de la revisión del papel jugado por cada uno de los partidos políticos involucrados, así como de la geografía electoral en la entidad. En conjunto, el libro ofrece una amplia teoría de la democracia. | ||
| 649 | |a XX | ||
| 650 | |a Campaña Electoral - |z Jalisco - |x Historia - |y 2000-2006 - |x Tema Principal | ||
| 650 | |a Campaña Electoral - |z México - |x Historia - |y 2000-2006 | ||
| 650 | |a Elecciones - |z Jalisco - |x Historia - |y 2000-2006 - |x Tema Principal | ||
| 650 | |a Elecciones - |z México - |x Historia - |y 2000-2006 | ||
| 650 | |a Representación Política - |z Jalisco | ||
| 650 | |a Representación Política - |z México | ||
| 650 | |a Democracia - |z Jalisco | ||
| 650 | |a Democracia - |z México | ||
| 650 | |a Proceso Político - |z Jalisco - |x Historia - |y 2000-2006 | ||
| 650 | |a Proceso Político - |z México - |x Historia - |y 2000-2006 | ||
| 650 | |a Geografía Política - |z Jalisco | ||
| 650 | |a Geografía Política - |z México | ||
| 650 | |a Política - |z Jalisco - |x Historia - |y 2000-2006 | ||
| 650 | |a Política - |z Jalisco - |x Historia - |y Siglo XXI | ||
| 650 | |a Política - |z México - |x Historia - |y 2000-2006 | ||
| 650 | |a Política - |z México - |x Historia - |y Siglo XXI | ||
| 650 | |a Jalisco - |x Condiciones Políticas | ||
| 650 | |a México - |x Condiciones Políticas | ||
| 910 | |a Fondo General | ||
| 920 | |a Impresos - Libros | ||
| 930 | |a Colección General | ||
| 905 | |a 101 | ||
| 901 | |a 0500235787 |b IT1 |c ACC |d DT |i D63905 |u 20250624 | ||
| 902 | |a https://opac.biblio.iteso.mx/vufind/Record/000345189 | ||